Statistics for Word Scramble - U.S. State Capitals

Click here to take the quiz!

General Stats

  • This quiz has been taken 47,725 times
  • The average score is 11 of 20

Answer Stats

Capital City% Correct
Atlanta
82%
Boston
81%
Honolulu
81%
Denver
79%
Dover
79%
Phoenix
79%
Boise
77%
Juneau
76%
Salem
74%
Montgomery
72%
Topeka
70%
Albany
69%
Lincoln
69%
Jackson
66%
Pierre
65%
Cheyenne
64%
Augusta
63%
Tallahassee
61%
Concord
59%
Frankfort
58%
Helena
57%
Indianapolis
57%
Columbus
56%
Bismarck
49%
Olympia
46%
Columbia
45%
Sacramento
44%
Trenton
44%
Hartford
43%
Austin
42%
Madison
39%
Harrisburg
37%
Montpelier
37%
Providence
37%
Raleigh
37%
Springfield
36%
Lansing
34%
Annapolis
31%
Nashville
26%
Richmond
26%
Charleston
24%

Score Distribution

Percentile by Number Answered

Percent of People with Each Score

Your Score History

You have not taken this quiz